Представление документа в формате RUSMARC

ПолеНазваниеЗначение
  Тип записи a
  Библиографический уровень m
001 Контрольный номер RU/SLIB/B/208713868
005 Дата корректировки 20201206203921.2
010 Индекс ISBN __
d Цена 0-45
101 Язык документа __
a Язык текста rus
200 Заглавие и сведения об ответственности 0_
a Заглавие Если я не скажу...
b Общее обозначение материала Текст
210 Выходные данные __
a Место издания М.
c Издательство Современник
d Дата издания 1979
215 Физическое описание __
a Объем 253 с.
600 Персоналии __
a Персоналии (Фамилия) Васильев, С.
600 Персоналии __
a Персоналии (Фамилия) Державин, В.
600 Персоналии __
a Персоналии (Фамилия) Ивнев, Р.
600 Персоналии __
a Персоналии (Фамилия) Капиев, Э.
600 Персоналии __
a Персоналии (Фамилия) Лавров, К. Ю.
600 Персоналии __
a Персоналии (Фамилия) Леонов, Л. М.
600 Персоналии __
a Персоналии (Фамилия) Маршак, С. Я.
600 Персоналии __
a Персоналии (Фамилия) Панова, В.
600 Персоналии __
a Персоналии (Фамилия) Софронов, А.
600 Персоналии __
a Персоналии (Фамилия) Стальский, С.
600 Персоналии __
a Персоналии (Фамилия) Твардовский, А. Т.
600 Персоналии __
a Персоналии (Фамилия) Шолохов, М. А.
606 Тематические рубрики __
a Основная рубрика Художественная литература
606 Тематические рубрики __
a Основная рубрика Русская литература XX в. (произведения)
606 Тематические рубрики __
a Основная рубрика Литературоведение
606 Тематические рубрики __
a Основная рубрика Русская литература XX в.
606 Тематические рубрики __
y Географическая подрубрика СССР; Россия; Дагестан
610 Ключевые слова __
a Ключевые слова драматурги; советская литература; творчество; критика
686 Индексы других классификаций __
a Классификационный индекс 84(2Рос=Рус)6-4
686 Индексы других классификаций __
a Классификационный индекс 83.3(2Рос)
700 Автор _1
a Фамилия Марков
b Имя А. Я.
4 Код отношения 070
801 Источник записи _0
a Страна RU
b Организация Муниципальное бюджетное учреждение культуры "Централизованная библиотечная система" г. Сургут (Центральная городская библиотека им. А. С. Пушкина)
g Правила каталогизации К/Пронина
801 Источник записи _1
a Страна RU
b Организация Муниципальное бюджетное учреждение культуры "Централизованная библиотечная система" г. Сургут (Центральная городская библиотека им. А. С. Пушкина)
g Правила каталогизации К/Пронина
852 Данные о местонахождении __
j Шифр хранения 84(2Рос=Рус)6-4
c Каталожный индекс 84(2Рос=Рус)6-4; 83.3(2Рос)
i Авторский знак М 26
p Инвентарный номер 850
901 Тип документа __
t Тип документа m
990 Данные о заказе (DOS) 00
j Количество экземпляров (DOS) 1